Anuario de investigación 2023 (Registro nro. 35872)
[ vista simple ]
| 000 -CABECERA | |
|---|---|
| Longitud fija campo de control | 01003nam a22002537a 4500 |
| 003 - IDENTIFICADOR DELl NÚMERO DE CONTROL | |
| Identificador del número de control | OSt |
| 005 - FECHA Y HORA DE LA ÚLTIMA TRANSACCIÓN | |
| Fecha y hora de la última transacción | 20250705170005.0 |
| 008 - CÓDIGOS DE INFORMACIÓN DE LONGITUD FIJA | |
| Códigos de información de longitud fija | 250705b ||||| |||| 00| 0 eng d |
| 022 ## - NÚMERO INTERNACIONAL NORMALIZADO PARA PUBLICACIONES SERIADAS | |
| Número Internacional Normalizado para Publicaciones Seriadas | 2227-4235 |
| 040 ## - FUENTE DE LA CATALOGACIÓN | |
| Centro transcriptor | BCRI |
| 082 ## - NÚMERO DE LA CLASIFICACIÓN DECIMAL DEWEY | |
| Númeroo de clasificación | 378.00772845 |
| 082 ## - NÚMERO DE LA CLASIFICACIÓN DECIMAL DEWEY | |
| Númeroo de clasificación | 378.72840014 |
| 082 ## - NÚMERO DE LA CLASIFICACIÓN DECIMAL DEWEY | |
| Númeroo de clasificación | 001.47284 |
| 245 ## - MENCIÓN DE TÍTULO | |
| Título | Anuario de investigación 2023 |
| Mención de responsabilidad, etc. | [coordinadora y editora, Larissa Hernández Monterrosa] |
| 260 ## - PUBLICACIÓN, DISTRIBUCIÓN, ETC. (PIE DE IMPRENTA) | |
| Lugar de publicación, distribución, etc. | Santa Ana, El Salvador |
| Nombre del editor, distribuidor, etc. | UNICAES, Dirección de Investigación |
| Fecha de publicación, distribución, etc. | 2023 |
| 300 ## - DESCRIPCIÓN FÍSICA | |
| Extensión | 122 + [9] p. |
| Otras características físicas | il. |
| Dimensiones | 28 cm. |
| 490 ## - MENCIÓN DE SERIE | |
| Mención de serie | Publicaciones de la Dirección de Investigación |
| Designación de volumen o secuencia | 12 |
| 610 00 - PUNTO DE ACCESO ADICIONAL DE MATERIA - NOMBRE DE ENTIDAD CORPORATIVA | |
| 9 (RLIN) | 9278 |
| Nombre de entidad corporativa o nombre de jurisdicción como elemento inicial | Universidad Católica de El Salvador |
| Unidad subordinada | Dirección de Investigación |
| Subdivisión de forma | Anuarios |
| 610 20 - PUNTO DE ACCESO ADICIONAL DE MATERIA - NOMBRE DE ENTIDAD CORPORATIVA | |
| 9 (RLIN) | 8619 |
| Nombre de entidad corporativa o nombre de jurisdicción como elemento inicial | Universidad Católica de El Salvador |
| Subdivisió,n de materia general | Actividad científica |
| 650 #0 - PUNTO DE ACCESO ADICIONAL DE MATERIA - TÉRMINO DE MATERIA | |
| 9 (RLIN) | 4874 |
| Término de materia o nombre geográfico como elemento inicial | Investigación |
| Subdivisión geográfica | El Salvador |
| 700 1# - PUNTO DE ACCESO ADICIONAL - NOMBRE DE PERSONA | |
| 9 (RLIN) | 9472 |
| Nombre de persona | Hernandez Monterrosa, Antonia Larissa |
| 710 0# - PUNTO DE ACCESO ADICIONAL - NOMBRE DE ENTIDAD | |
| 9 (RLIN) | 9274 |
| Nombre de entidad o nombre de jurisdicción como elemento inicial | Universidad Católica de El Salvador |
| Unidad subordinada | Dirección de Investigación |
| 942 ## - ENTRADA DE ELEMENTOS AGREGADOS (KOHA) | |
| Fuente de clasificaión o esquema | Dewey Decimal Classification |
| Koha [por defecto] tipo de item | 2- Prensa y Revistas |
| Parte de clasificación | prozim |
| Suprimido | Perdido | Fuente de clasificación o esquema | Estropeado | Restricciones de uso | No para préstamo | Código de colección | Localización permanente | Localización actual | Localización en estanter&íacute;as | Fecha adquisición | Fuente de adquisición | Número de inventario | Préstamos totales | Signatura completa | Código de barras | Fecha última consulta | Fecha del precio de reemplazo | Tipo de item de Koha | Fecha último préstamo |
|---|---|---|---|---|---|---|---|---|---|---|---|---|---|---|---|---|---|---|---|
| NULL | NULL | Dewey Decimal Classification | NULL | Prestable | NULL | NULL | Biblioteca Centro Regional de Ilobasco | Biblioteca Centro Regional de Ilobasco | Sala Principal | 05/07/2025 | Donación - Unidad de Investigación y Proyección Social | 000022 | ANU-000022 | 1053314 | 05/07/2025 | 05/07/2025 | 2- Prensa y Revistas | ||
| NULL | NULL | Dewey Decimal Classification | NULL | Prestable | NULL | NULL | Biblioteca Centro Regional de Ilobasco | Biblioteca Centro Regional de Ilobasco | Sala Principal | 05/07/2025 | Donación - Unidad de Investigación y Proyección Social | 000023 | ANU-000023 | 1053315 | 05/07/2025 | 05/07/2025 | 2- Prensa y Revistas | ||
| NULL | NULL | Dewey Decimal Classification | NULL | Prestable | NULL | NULL | Biblioteca Centro Regional de Ilobasco | Biblioteca Centro Regional de Ilobasco | Sala Principal | 05/07/2025 | Donación - Unidad de Investigación y Proyección Social | 000024 | 1 | ANU-000024 | 1053316 | 06/11/2025 | 05/07/2025 | 2- Prensa y Revistas | 30/10/2025 |